La bruja de abril y otros cuentos / (Registro nro. 10916)

Detalles MARC
000 -LIDER
fixed length control field 01079nam a22002897a 4500
003 - IDENTIFICACDOR DE NÚMERO DE CONTROL
control field DO-SdBNP
005 - DATE AND TIME OF LATEST TRANSACTION
control field 20230222120734.0
008 - ELEMENTOS DE LONGITUD FIJA
fixed length control field 160718b1994 sp || 00| 0 spa d
020 ## - ISBN
International Standard Book Number 8434842734
040 ## - FUENTE DE CATALOGACIÓN
Agencia que crea de manera original el registro BPMSU
Idioma de catalogación spa
Agencia que realiza la transcripción BPMSU
082 #4 - NÚMERO DE CLASIFICACIÓN DECIMAL DE DEWEY
Classification number 813.5
Item number B798b 1994
Edition number 22
100 1# - ASIENTO PRINCIPAL -- NOMBRE PERSONAL
Nombre personal Bradbury, Ray Douglas,
Fechas asociadas con el nombre 1920-2012.
240 10 - TITULO UNIFORME
Título uniforme The april witch.
Idioma de una obra Español
245 10 - MENCIÓN DE TITULO
Título La bruja de abril y otros cuentos /
Mención de responsabilidad Ray Bradbury ; ilustraciones Gary Kelley ; traducción de Mariano Antolin Rato
260 ## - PUBLICACIÓN, DISTRIBUCIÓN, ETC. (PIE DE IMPRENTA)
Lugar de publicación, distribución, etc Madrid :
Nombre del editor, distribuidor, etc. Ediciones SM ,
Fecha de publicación, distribución, etc 1994.
300 ## - DESCRIPCIÓN FÍSICA
Extensión 153 p. :
Otros detalles físicos il. ;
Dimensiones 22 cm
490 0# - MENCIÓN DE SERIES
Mención de serie El barco de vapor,
Volume/sequential designation 7
500 ## - NOTA GENERAL
Nota general Traducción de: The april witch.
505 ## - NOTA DE CONTENIDO
Título La sabana --
-- El otro pie --
-- La bruja de abril --
-- La sirena del faro --
-- Biografía de Ray Bradbury.
590 ## - NOTA LOCAL
Enlace Inventariado, 2023/VM
650 #4 - ENCABEZAMIENTO DE MATERIA--TEMÁTICO
Término temático o nombre geográfico como elemento de entrada Cuentos juveniles estadounidenses
650 #4 - ENCABEZAMIENTO DE MATERIA--TEMÁTICO
Término temático o nombre geográfico como elemento de entrada Fantasía
Subdivisión de forma Cuentos juveniles
700 12 - ASIENTO SECUNDARIO -- NOMBRE PERSONAL
Nombre personal Rato, Mariano Antolin,
Mención de responsabilidad tr.
700 1# - ASIENTO SECUNDARIO -- NOMBRE PERSONAL
Nombre personal Kelley, Gary,
Mención de responsabilidad il.
910 ## - VALIDACIÓN
Validación LOPEREZ/VMateo V. Control de calidad (BPMSU)
942 ## - ADDED ENTRY ELEMENTS (KOHA)
Source of classification or shelving scheme Dewey Decimal Classification
Koha item type Libros
Existencias
Withdrawn status Lost status Source of classification or shelving scheme Damaged status Not for loan Collection code Home library Current library Date acquired Source of acquisition Full call number Barcode Date last seen Price effective from Koha item type
    Dewey Decimal Classification     Colección Juvenil General Biblioteca Pública Metropolitana Salomé Ureña Biblioteca Pública Metropolitana Salomé Ureña 07/18/2016 Donación BPMSU CG 813.5 B798b 1994 BPMSU16070512 07/18/2016 07/18/2016 Libros